Pokémon City to Region - Click Quiz - Statistics

General Stats
  • This quiz has been taken 182 times
  • The average score is 7 of 9
Answer Stats
Hint Answer % Correct
Hau'oli City Alola
94%
Lumiose City Kalos
88%
Mesagoza Paldea
84%
Wyndon Galar
81%
Pewter City Kanto
80%
Mauville City Hoenn
76%
Goldenrod City Johto
75%
Jubilife City Sinnoh
73%
Castelia City Unova
72%
No matching quizzes found
Score Distribution
Percent of People with Each Score
Percentile by Number Answered
Your Score History
You have not taken this quiz